000 00698nam a22002417a 4500
003 UA-OsUOA
001 20292
007 ta
008 20031020b un ||||| |||| 00| 0 ukr d
100 _aМаксимова Елена Ивановна
090 _a811.133 .1
_bМ17
942 _cBK
040 _aUA-OsUOA
_bfre
_cUA-OsUOA
_dUA-OsUOA
245 _aПочта Телеграф Телефон: Poste Telegraphe Telephone
_bПособие для студентов педагогических вузов
300 _a79 с.
955 _a0
041 _afre
080 _a811.133 .1
260 _aМ.
_bПросвещение
_c1966
044 _aFR
650 7 _2UDC
999 _c306468
_d306468